Reed's Nautical Almanac 2018 / (Record no. 101)

000 -LEADER
fixed length control field 00479 a2200157 4500
008 - FIXED-LENGTH DATA ELEMENTS--GENERAL INFORMATION
fixed length control field 191107b ||||| |||| 00| 0 eng d
020 ## - INTERNATIONAL STANDARD BOOK NUMBER
International Standard Book Number 9781472948014
082 00 - DEWEY DECIMAL CLASSIFICATION NUMBER
Classification number 528.02
Item number T742
245 ## - TITLE STATEMENT
Title Reed's Nautical Almanac 2018 /
260 ## - PUBLICATION, DISTRIBUTION, ETC. (IMPRINT)
Place of publication, distribution, etc London:
Name of publisher, distributor, etc Bloomsbury Publishing,
Date of publication, distribution, etc 2017.
300 ## - PHYSICAL DESCRIPTION
Extent 1085 p.
650 #0 - SUBJECT ADDED ENTRY--TOPICAL TERM
Topical term or geographic name as entry element Nautical Science
700 ## - ADDED ENTRY--PERSONAL NAME
9 (RLIN) 5141
Personal name Towler, Perrin
Relator term editor
9 (RLIN) 5142
Personal name Fishwick, Mark
Relator term editor
942 ## - ADDED ENTRY ELEMENTS (KOHA)
Source of classification or shelving scheme
Item type Books
Holdings
Withdrawn status Lost status Source of classification or shelving scheme Damaged status Not for loan Permanent location Current location Date acquired Source of acquisition Cost, normal purchase price Full call number Barcode Date last seen Cost, replacement price Koha item type
          IMU Kolkata IMU Kolkata 2019-09-09 Apex Book Services 3054.34 528.02 T742 13236 2019-09-09 4528.31 Books
          IMU Kolkata IMU Kolkata 2019-09-09 Apex Book Services 3054.34 528.02 T742 13238 2019-09-09 4528.31 Books
          IMU Kolkata IMU Kolkata 2019-09-09 Apex Book Services 3054.34 528.02 T742 13240 2019-09-09 4528.31 Books
          IMU Kolkata IMU Kolkata 2019-09-09 Apex Book Services 3054.34 528.02 T742 13242 2019-09-09 4528.31 Books
Designed and Maintained by IMU-KC Library, Kolkata Campus © Copyright All Rights Reserved

webs counters

Powered by Koha